Hospodárska úprava lesov : návody na cvičenia /

Hlavní autor: Žíhlavník, Anton, 1946-
Korporativní autor: Technická univerzita vo Zvolene. Lesnícka fakulta
Další autoři: Brezina, Ladislav
Jazyk: Slovenština
Vydáno: Zvolen : Technická univerzita, 1998
Vydání: Vyd. 1.- 1. dot.
Témata:
Fyzický popis: 154 s. : il. ; 30 cm
Knihy
Uloženo v:
LEADER 01004nam a2200253 a 4500
001 000434099
003 CZ BrMZK
005 20140203112311.0
008 991012s1998 xo f slo d
020 |a 80-228-0784-2 
040 |a BOA001  |b cze 
080 |a 630.6(075.8)  |2 MRF 
100 1 |a Žíhlavník, Anton,  |d 1946-  |7 mzk2004246372 
245 1 0 |a Hospodárska úprava lesov :  |b návody na cvičenia /  |c Anton Žíhlavník, Ladislav Brezina 
250 |a Vyd. 1.- 1. dot. 
260 |a Zvolen :  |b Technická univerzita,  |c 1998 
300 |a 154 s. :  |b il. ;  |c 30 cm 
500 |a Určeno pro posl. fak. lesníckej Techn. univ. ve Zvoleně. - Bibliogr. 
653 0 |a hospodářská úprava lesů  |a lesní hospodářství 
700 1 |a Brezina, Ladislav  |7 mzk2014806133  |4 aut 
710 2 |a Technická univerzita vo Zvolene.  |b Lesnícka fakulta  |7 mzk2006357960 
910 |a BOA001  |b TK-A-0265.219 
990 |a BK 
996 7 |b 2620014978  |c TK-A-0265.219  |l MZK  |r Sklad / do 24 hodin  |n 1  |p kup  |w 000434099  |u 000010  |a 1  |e BOA001  |j MZK50  |s A